Health: (Record no. 183195)
[ view plain ]
| 000 -LEADER | |
|---|---|
| fixed length control field | 00708 a2200193 4500 |
| 003 - CONTROL NUMBER IDENTIFIER | |
| control field | Nust |
| 005 - DATE AND TIME OF LATEST TRANSACTION | |
| control field | 20221014100838.0 |
| 040 ## - CATALOGING SOURCE | |
| Transcribing agency | Nust |
| 082 ## - DEWEY DECIMAL CLASSIFICATION NUMBER | |
| Classification number | 610,BYR |
| 100 ## - MAIN ENTRY--PERSONAL NAME | |
| Personal name | Byrd, Oliver E. |
| 9 (RLIN) | 100269 |
| 245 ## - TITLE STATEMENT | |
| Title | Health: |
| Remainder of title | Level Three / |
| Statement of responsibility, etc. | Oliver E. Byrd, Elizabeth A. Neilson |
| 250 ## - EDITION STATEMENT | |
| Edition statement | 3rd Edition |
| 260 ## - PUBLICATION, DISTRIBUTION, ETC. | |
| Place of publication, distribution, etc. | Laidlaw Brothers |
| Name of publisher, distributor, etc. | USA |
| Date of publication, distribution, etc. | 1970 |
| 300 ## - PHYSICAL DESCRIPTION | |
| Extent | 143 p |
| 505 ## - FORMATTED CONTENTS NOTE | |
| Formatted contents note | Friends and Friendship (Page-6), Safety First (Page-22), How you Know (Page-38), How You Grow (Page-52), How you Move (Page-66), Why you Eat (Page-80), The Clothes you Wear (Page-94), How to Stay Well (Page-110), Family Living (Page-124). |
| 600 ## - SUBJECT ADDED ENTRY--PERSONAL NAME | |
| Personal name | Oliver E.Byrd |
| 9 (RLIN) | 100270 |
| 650 ## - SUBJECT ADDED ENTRY--TOPICAL TERM | |
| Topical term or geographic name entry element | Health |
| 9 (RLIN) | 3553 |
| 942 ## - ADDED ENTRY ELEMENTS (KOHA) | |
| Source of classification or shelving scheme | |
| Koha item type | Book |
| Withdrawn status | Lost status | Source of classification or shelving scheme | Damaged status | Not for loan | Permanent Location | Current Location | Shelving location | Date acquired | Full call number | Barcode | Date last seen | Price effective from | Koha item type | Public note |
|---|---|---|---|---|---|---|---|---|---|---|---|---|---|---|
| Military College of Signals (MCS) | Military College of Signals (MCS) | General Stacks | 12/12/2016 | 610,BYR | MCS20650 | 12/08/2016 | 12/12/2016 | Book | Almirah No.26, Shelf No.2 |
